| 000 | 00676nam a2200217 i 4500 | ||
|---|---|---|---|
| 001 | 36145 | ||
| 003 | ES-MaACL | ||
| 005 | 20260504130822.0 | ||
| 007 | t| | ||
| 008 | 030217s1973 sp ||||1| spa d | ||
| 100 |
_aBreton, André, _d1896-1966 _9239133 |
||
| 245 | 1 | 0 |
_aSurrealismo frente a realismo socialista / _cAndré Breton, Louis Aragón. |
| 260 |
_a[Barcelona] : _bTusquets, _c[1973] |
||
| 300 |
_a75 p. ; _c18 cm. |
||
| 490 | 1 | _aCuadernos marginales | |
| 700 | 1 |
_aAragon, Louis. _922179 |
|
| 830 | 0 |
_aCuadernos marginales _9181404 |
|
| 852 |
_aES-MaACL _jC-53701 _bR.86938 |
||
| 852 |
_aES-MaACL _jE-9633 _bR.93007 |
||
| 999 |
_c36145 _d36145 |
||